[Event "1st Open"]
[Site "Brno CZE"]
[Date "2010.11.14"]
[Round "1"]
[White "Novak,Jo"]
[Black "Volak,M"]
[Result "0-1"]
[WhiteElo "1886"]
[BlackElo "2200"]

1.e4 c5 2.Nf3 d6 3.d4 cxd4 4.Nxd4 Nf6 5.Nc3 a6 6.f3 e6 7.Be3 Qc7 8.Qd2 Be7
9.O-O-O Nc6 10.g4 b5 11.g5 Nd7 12.f4 b4 13.Nce2 Bb7 14.Bg2 Qa5 15.Kb1 Nc5
16.Nxc6 Bxc6 17.Ng3 Na4 18.Bd4 e5 19.fxe5 dxe5 20.Be3 Nc3+ 21.bxc3 bxc3 22.Qd3 Qb4+  0-1

[Event "16th Asian Games Team Men"]
[Site "Guangzhou CHN"]
[Date "2010.11.18"]
[Round "1"]
[White "Sadvakasov,D"]
[Black "Al Zendani,Z"]
[Result "1-0"]
[WhiteElo "2627"]
[BlackElo "2398"]

1.e4 c5 2.Nf3 d6 3.d4 cxd4 4.Nxd4 Nf6 5.Nc3 a6 6.f3 e5 7.Nb3 Be6 8.Be3 Nbd7
9.g4 Qc7 10.Qd2 Rc8 11.g5 Nh5 12.O-O-O Nb6 13.Qf2 Nc4 14.Bxc4 Bxc4 15.Kb1 Be7
16.h4 O-O 17.Bb6 Qd7 18.Nc5 Qc6 19.Nd3 Bd8 20.Bxd8 Rfxd8 21.Nb4 Qc5 22.Qxc5 dxc5
23.Nbd5 Bxd5 24.Nxd5 Rb8 25.Nb6 f6 26.Nd7 Rbc8 27.gxf6 gxf6 28.Rd6 Kf7 29.Rhd1 Ke7
30.Nb6 Rb8 31.Rd7+ Ke8 32.b3 Nf4 33.R1d6 h5 34.Rxd8+ Rxd8 35.Rxf6 Rd1+ 36.Kb2 Rh1
37.Rf5 Ng6 38.Rxh5 Rxh4 39.Rg5 Kf7 40.Nd7  1-0

[Event "TCh-NED"]
[Site "Netherlands NED"]
[Date "2010.11.20"]
[Round "3.10"]
[White "Braun,Christi2"]
[Black "Wunnink,M"]
[Result "1/2-1/2"]
[WhiteElo "2373"]
[BlackElo "2254"]

1.e4 c5 2.Nf3 d6 3.d4 cxd4 4.Nxd4 Nf6 5.Nc3 a6 6.f3 e5 7.Nb3 Be6 8.Be3 Be7
9.Qd2 h5 10.Be2 Nbd7 11.Nd5 Nxd5 12.exd5 Bf5 13.Bd3 Bxd3 14.Qxd3 Rc8 15.O-O-O Bg5
16.Kb1 Bxe3 17.Qxe3 Qc7 18.Rd2 Nb6 19.Qg5 g6 20.f4 Nc4 21.Re2 Qe7 22.h4 Qxg5
23.hxg5 Kd7 24.Rf1 Rhe8 25.fxe5 Nxe5 26.Re4 Re7 27.Rff4 Ng4 28.c4 Rxe4 29.Rxe4 Re8
30.Rf4 Re1+ 31.Kc2 Ke7 32.c5 dxc5 33.Nxc5 Ne3+ 34.Kd2 Nxd5 35.Rxf7+ Kxf7
36.Kxe1 Nf4 37.g3 Ne6 38.Nxb7 Nxg5 39.Nc5 a5 40.Nb3 Ne4 41.Nxa5  1/2-1/2

[Event "Cultural Village"]
[Site "Wijk aan Zee NED"]
[Date "2010.11.23"]
[Round "8"]
[White "Swiercz,D"]
[Black "Burg,T"]
[Result "1-0"]
[WhiteElo "2522"]
[BlackElo "2469"]

1.e4 c5 2.Nf3 d6 3.d4 cxd4 4.Nxd4 Nf6 5.Nc3 a6 6.Be3 Ng4 7.Bc1 Nf6 8.f3 e6
9.Be3 h5 10.Qd2 Nbd7 11.Be2 b5 12.O-O Bb7 13.Rad1 b4 14.Na4 d5 15.exd5 Nxd5
16.Bf2 Qc7 17.Bg3 Qa5 18.c4 bxc3 19.Nxc3 Nxc3 20.bxc3 Rd8 21.Bh4 Be7 22.Bxe7 Kxe7
23.Kh1 Nf6 24.Qb2 Ba8 25.Nb3 Rb8 26.c4 Qb4 27.Qe5 Rhd8 28.Qc7+ Ke8 29.c5 Bd5
30.Bxa6 Ra8 31.Be2 Rxa2 32.Nd4 Qb8 33.Bb5+ Kf8 34.Qxb8 Rxb8 35.Rfe1 Rc8 36.c6 Ne8
37.Ra1 Rd2 38.Red1 Rxd1+ 39.Rxd1 Nc7 40.Bf1 Rb8 41.Kg1 Rb2 42.h4 Ke7 43.Kh2 g6
44.Kg3 Kd6 45.Rc1 e5 46.Nc2 Rb3 47.Ne1 Rb6 48.Nd3 Bxc6 49.Re1 f6 50.Rd1 Bd5
51.Nf2 Ke6 52.Bd3 f5 53.Rc1 Ne8 54.Nh3 Nf6 55.Rc7 Kd6 56.Rg7 Kc5 57.Kh2 Kd4
58.Bf1 Ne8 59.Re7 Re6 60.Rd7 Rd6 61.Ra7 Nf6 62.Ra4+ Ke3 63.Ra3+ Kd2 64.Rd3+ Ke1
65.Kg1 e4 66.Rd4 Rb6 67.Nf4 exf3 68.gxf3 Bxf3 69.Be2 Bxe2 70.Ng2+  1-0

[Event "Vasylyshyn Memorial WGM"]
[Site "Lviv UKR"]
[Date "2010.11.24"]
[Round "2"]
[White "Chulivska,V"]
[Black "Chlost,M"]
[Result "1-0"]
[WhiteElo "2215"]
[BlackElo "2152"]

1.e4 c5 2.Nf3 d6 3.d4 cxd4 4.Nxd4 Nf6 5.Nc3 a6 6.f3 Qb6 7.Nb3 e6 8.Qe2 Qc7
9.Be3 b5 10.g4 h6 11.Qf2 Nbd7 12.O-O-O b4 13.Ne2 d5 14.Ng3 Bb7 15.Bd3 Rc8
16.exd5 Nxd5 17.Bd4 Ne5 18.Rhe1 Nc6 19.Nh5 Nxd4 20.Nxd4 Nf4 21.Kb1 Bd5 22.Nxf4 Qxf4
23.Bxa6 Bxa2+ 24.Kxa2 Ra8 25.Qe2 Qd6 26.Qb5+ Qd7 27.Nxe6  1-0

[Event "Vasylyshyn Memorial WGM"]
[Site "Lviv UKR"]
[Date "2010.11.26"]
[Round "4"]
[White "Chulivska,V"]
[Black "Buksa,N"]
[Result "0-1"]
[WhiteElo "2215"]
[BlackElo "1943"]

1.e4 c5 2.Nf3 d6 3.d4 cxd4 4.Nxd4 Nf6 5.Nc3 a6 6.f3 Qb6 7.Nb3 e6 8.Qe2 Qc7
9.Be3 Nc6 10.O-O-O b5 11.g4 Be7 12.g5 Nd7 13.h4 Bb7 14.Bh3 Na5 15.h5 b4 16.Nb1 Nc4
17.g6 Rc8 18.gxf7+ Kxf7 19.Rh2 Bf6 20.Nd4 Rhe8 21.b3 Nxe3 22.Qxe3 Ne5 23.f4 Nc6
24.Nf3 h6 25.Nbd2 d5 26.e5 Nxe5 27.Nd4 Ng4 28.Bxg4 Bxd4 29.Qd3 Bf6 30.Re2 Qa5
31.Nb1 Rc6 32.Qg6+ Kf8 33.Re5 Rec8 34.Rd2 Bxe5 35.fxe5 Qb6 36.Bh3 Qe3 37.Bxe6 Rxc2+
38.Qxc2 Rxc2+ 39.Kxc2 Qxe5 40.Rf2+ Ke7 41.Bf5 d4 42.Nd2 Qg3 43.Re2+ Kd8 44.Bd3 Qh3
45.Bg6 Qc3+ 46.Kb1 d3  0-1

[Event "60th ch-GRE"]
[Site "Vrahati GRE"]
[Date "2010.12.02"]
[Round "7"]
[White "Mastrovasilis,D"]
[Black "Banikas,H"]
[Result "1/2-1/2"]
[WhiteElo "2580"]
[BlackElo "2590"]

1.e4 c5 2.Nf3 d6 3.d4 cxd4 4.Nxd4 Nf6 5.Nc3 a6 6.Be3 Ng4 7.Bc1 Nf6 8.f3 e5
9.Nb3 Be6 10.Be3 Be7 11.Qd2 O-O 12.O-O-O Nbd7 13.g4 b5 14.g5 b4 15.Ne2 Ne8
16.f4 a5 17.f5 a4 18.fxe6 axb3 19.exf7+ Rxf7 20.cxb3 Rxa2 21.Ng3 Rxf1 22.Rhxf1 Ra1+
23.Kc2 Qc8+ 24.Kd3 Qa6+ 25.Kc2 Qc6+ 26.Kd3 Qa6+ 27.Kc2 Qc8+ 28.Kd3 Qa6+  1/2-1/2

[Event "63rd ch-RUS"]
[Site "Moscow RUS"]
[Date "2010.12.15"]
[Round "5"]
[White "Karjakin,Sergey"]
[Black "Grischuk,A"]
[Result "1/2-1/2"]
[WhiteElo "2760"]
[BlackElo "2771"]

1.e4 c5 2.Nf3 d6 3.d4 cxd4 4.Nxd4 Nf6 5.Nc3 a6 6.f3 e6 7.Be3 b5 8.Qd2 Bb7
9.a4 bxa4 10.Rxa4 Nbd7 11.Nb3 Qc7 12.Rc4 Qb8 13.Ra4 Qc7 14.Rc4 Qb8 15.Ra4  1/2-1/2

[Event "Amitan Memorial"]
[Site "Donetsk UKR"]
[Date "2010.12.22"]
[Round "4"]
[White "Bogdanovich,S"]
[Black "Hamitevici,V"]
[Result "0-1"]
[WhiteElo "2479"]
[BlackElo "2417"]

1.e4 c5 2.Nf3 d6 3.d4 cxd4 4.Nxd4 Nf6 5.Nc3 a6 6.f3 e5 7.Nb3 Be6 8.Be3 Nbd7
9.Qd2 b5 10.O-O-O Qc7 11.Qf2 Rb8 12.g4 Nb6 13.g5 Nh5 14.Kb1 Be7 15.h4 O-O
16.Bh3 Nc4 17.Bg4 Nxe3 18.Qxe3 Nf4 19.Nc1 b4 20.Na4 d5 21.Bxe6 fxe6 22.exd5 exd5
23.Nd3 Nxd3 24.Rxd3 Rbc8 25.Rc1 d4 26.Qe1 Rf4 27.b3 Rcf8 28.Nb2 a5 29.Nc4 R8f5
30.Qg3 a4 31.Re1 a3 32.Qh3 g6 33.Re4 Bc5 34.Rxf4 exf4 35.Rd1 h6 36.gxh6 Kh7
37.Re1 d3 38.Qg2 Be3 39.cxd3 Qc5 40.d4 Qxd4 41.Qc2 Rd5 42.Re2 Kxh6 43.Rg2 Qf6
44.Rg5 Rxg5 45.hxg5+ Qxg5 46.Qh2+ Kg7 47.Qe2 Qg1+ 48.Kc2 Qc1+ 49.Kd3 Qc3+  0-1

[Event "85th YMCA Masters"]
[Site "Warsaw POL"]
[Date "2011.01.21"]
[Round "3"]
[White "Moskwinski,T"]
[Black "Leniart,A"]
[Result "0-1"]
[WhiteElo "2218"]
[BlackElo "2442"]

1.e4 c5 2.Nf3 d6 3.d4 cxd4 4.Nxd4 Nf6 5.Nc3 a6 6.f3 e5 7.Nb3 Be6 8.Be3 Be7
9.Qd2 O-O 10.O-O-O a5 11.Kb1 a4 12.Nc1 Ra5 13.Nd3 Nc6 14.Qf2 Nd7 15.g3 a3
16.b3 Qc7 17.f4 Nd4 18.Bd2 f6 19.Rc1 Nc5 20.Bg2 Nxd3 21.cxd3 Bxb3 22.axb3 Qb6
23.Be3 a2+ 24.Kb2 a1=Q+  0-1

[Event "Moscow Open F Women"]
[Site "Moscow RUS"]
[Date "2011.01.29"]
[Round "1.44"]
[White "Korchagina,V"]
[Black "Turygina,I"]
[Result "1-0"]
[WhiteElo "2086"]
[BlackElo "1650"]

1.e4 c5 2.Nf3 d6 3.d4 cxd4 4.Nxd4 Nf6 5.Nc3 a6 6.f3 e5 7.Nb3 Be6 8.Be3 Be7
9.Qd2 Nbd7 10.g4 h6 11.O-O-O b5 12.h4 Qc7 13.Kb1 b4 14.Nd5 Bxd5 15.exd5 a5
16.Bb5 a4 17.Nc1 Qa5 18.Bc6 Rb8 19.g5 Ng8 20.f4 Qa6 21.fxe5 dxe5 22.Nd3 Bd6
23.Bc5 Ke7 24.Bxd6+ Kxd6 25.Bxd7 Kxd7 26.Nc5+  1-0

[Event "Gibraltar Masters"]
[Site "Caleta ENG"]
[Date "2011.01.30"]
[Round "6.95"]
[White "Gillespie,Gary"]
[Black "Obiamiwe,P"]
[Result "0-1"]
[WhiteElo "1848"]
[BlackElo "2015"]

1.e4 c5 2.Nf3 d6 3.d4 cxd4 4.Nxd4 Nf6 5.Nc3 a6 6.f3 e6 7.Be3 Be7 8.Qd2 Qc7
9.O-O-O Nbd7 10.Kb1 O-O 11.g4 Ne5 12.h4 b5 13.h5 Nfd7 14.Qg2 Bb7 15.f4 Nc4
16.Bxc4 Qxc4 17.Nce2 Rfe8 18.g5 e5 19.b3 Qc7 20.Nf5 Nc5 21.Neg3 Bf8 22.Bxc5 dxc5
23.fxe5 Rxe5 24.g6 fxg6 25.hxg6 h6 26.Qh3 Rae8 27.Rhg1 Bxe4 28.Nxe4 Rxe4
29.Nxh6+ gxh6 30.g7 Bxg7 31.Qxh6 Qe5  0-1

[Event "16th HIT Open"]
[Site "Nova Gorica SLO"]
[Date "2011.01.30"]
[Round "5"]
[White "Matijevic,Filip"]
[Black "Gratton,D"]
[Result "1-0"]
[WhiteElo "1885"]
[BlackElo "1710"]

1.e4 c5 2.Nf3 d6 3.d4 cxd4 4.Nxd4 Nf6 5.Nc3 a6 6.f3 g6 7.Be3 Bg7 8.Qd2 O-O
9.O-O-O Re8 10.g4 b5 11.h4 Nfd7 12.h5 Ne5 13.hxg6 hxg6 14.Qh2 Bxg4 15.Qh7+ Kf8
16.Bh6  1-0

[Event "ch-CHI"]
[Site "Santiago CHI"]
[Date "2011.02.18"]
[Round "1"]
[White "Lopez Silva,H"]
[Black "Salinas Herrera,P"]
[Result "1-0"]
[WhiteElo "2398"]
[BlackElo "2263"]

1.e4 c5 2.Nf3 d6 3.d4 cxd4 4.Nxd4 Nf6 5.Nc3 a6 6.f3 e5 7.Nb3 Be7 8.Be3 Be6
9.Qd2 Nbd7 10.g4 b5 11.O-O-O O-O 12.Rg1 Nb6 13.Na5 Qc7 14.g5 Nfd7 15.Nd5 Bxd5
16.exd5 Rfc8 17.Bxb6 Nxb6 18.Bh3 Re8 19.Nc6 Bf8 20.Bf5 g6 21.Be4 a5 22.h4 Nc4
23.Qh2 Qb6 24.h5 Bg7 25.hxg6 hxg6 26.Rde1 Rac8 27.Rg3 Rc7 28.Rh3 Rf8 29.Rh1 f5
30.gxf6 Rxf6 31.Rh8+ Kf7 32.Qh7  1-0

[Event "TCh-BEL 2010-11"]
[Site "Ans BEL"]
[Date "2011.02.27"]
[Round "9.7"]
[White "Jens,J"]
[Black "Schut,Ha"]
[Result "1/2-1/2"]
[WhiteElo "2387"]
[BlackElo "2127"]

1.e4 c5 2.Nf3 d6 3.d4 cxd4 4.Nxd4 Nf6 5.Nc3 a6 6.f3 e5 7.Nb3 Be6 8.Be3 Be7
9.Qd2 O-O 10.O-O-O Nbd7 11.g4 b5 12.Rg1 Qc7 13.g5 Nh5 14.Nd5 Bxd5 15.exd5 Nb6
16.Na5 Nxd5 17.Qxd5 Qxa5 18.Kb1 Qc7 19.Rg4 g6 20.Rb4 Rab8 21.c4 Rfc8 22.cxb5 Qc2+
23.Ka1 axb5 24.Bxb5 Ng7 25.a4 Nf5 26.Re4 Nxe3 27.Rxe3 Rc5 28.Qd3 Bxg5 29.Re2 Qxd3
30.Rxd3 Be7 31.b4 Rcxb5 32.axb5 Rxb5 33.Rb3 d5 34.Reb2 e4  1/2-1/2

[Event "27th Open"]
[Site "Cappelle la Grande FRA"]
[Date "2011.02.28"]
[Round "3.83"]
[White "Smati,R"]
[Black "Nilsson,S"]
[Result "0-1"]
[WhiteElo "1997"]
[BlackElo "2344"]

1.e4 c5 2.Nf3 d6 3.d4 cxd4 4.Nxd4 Nf6 5.Nc3 a6 6.f3 e6 7.Be3 b5 8.Qd2 Nbd7
9.g4 Nb6 10.Qf2 Nfd7 11.f4 Bb7 12.Bg2 Be7 13.g5 Nc4 14.Bc1 Qa5 15.O-O Rc8
16.Kh1 Nc5 17.f5 Ne5 18.Qh4 Qb4 19.Nce2 Qa5 20.fxe6 fxe6 21.Nf4 O-O 22.Be3 Nc4
23.Bg1 Nd2 24.Nb3 Ncxb3 25.axb3 Qb4 26.Nd3 Qxe4 27.Rxf8+ Rxf8 28.Bxe4 Nxe4
29.Kg2 Nxg5+ 30.Kg3 Ne4+ 31.Kg4 Bxh4 32.Kxh4 g5+ 33.Kg4 e5 34.Be3 h6 35.h4 Kg7
36.hxg5 hxg5  0-1

[Event "TCh-FIN 2010-11"]
[Site "Helsinki FIN"]
[Date "2011.03.13"]
[Round "9.3"]
[White "Kokkila,T"]
[Black "Palliser,R"]
[Result "0-1"]
[WhiteElo "2327"]
[BlackElo "2445"]

1.e4 c5 2.Nf3 d6 3.d4 cxd4 4.Nxd4 Nf6 5.Nc3 a6 6.f3 e5 7.Nb3 Be6 8.Be3 h5
9.Qd2 Nbd7 10.a4 Rc8 11.Be2 Nb6 12.a5 Nc4 13.Bxc4 Bxc4 14.Rd1 Be7 15.Na4 Nd7
16.Nc1 Bb5 17.Nb6 Nxb6 18.Bxb6 Qd7 19.b3 f5 20.c4 Bc6 21.exf5 Qxf5 22.O-O h4
23.Ne2 h3 24.Ng3 Qh7 25.gxh3 Qxh3 26.Qg2 Kd7 27.Qxh3+ Rxh3 28.Kg2 Rch8 29.Bg1 g5
30.Kf2 Ke6 31.Rfe1 Rf8 32.Rd3 g4 33.Ne4 Rhxf3+ 34.Rxf3 Rxf3+  0-1

[Event "20th Amber Blindfold"]
[Site "Monaco MNC"]
[Date "2011.03.17"]
[Round "5"]
[White "Topalov,V"]
[Black "Grischuk,A"]
[Result "1-0"]
[WhiteElo "2775"]
[BlackElo "2747"]

1.e4 c5 2.Nf3 d6 3.d4 cxd4 4.Nxd4 Nf6 5.Nc3 a6 6.f3 e5 7.Nb3 Be6 8.Be3 Be7
9.Qd2 O-O 10.O-O-O Nbd7 11.g4 b5 12.g5 b4 13.gxf6 bxc3 14.Qxc3 Nxf6 15.Na5 Rc8
16.Nc6 Qe8 17.Nxe7+ Qxe7 18.Qa5 Rc6 19.Rg1 Rfc8 20.Kb1 d5 21.Bg5 d4 22.f4 h6
23.Bxh6 Ng4 24.Bxg7 Rxc2 25.Bd3 R2c5 26.Qa3 Kxg7 27.f5 Kf6 28.fxe6 Ne3 29.exf7 Nxd1
30.Rxd1 Kxf7 31.Bxa6 R8c6 32.Qb3+ Kg7 33.Bb5 Rg6 34.a4 Rg2 35.Qa3 Rc7 36.Qxe7+ Rxe7
37.Bc4 Ra7 38.b3 Rxh2 39.Rf1 Rg2 40.Kc1 Ra8 41.Rd1 Kf6 42.Rd2 Rxd2 43.Kxd2 Ke7
44.Bb5 Kd6 45.b4 Kc7 46.Kc2 Kb7 47.Kb3 Rh8 48.Bd3 Rh3 49.Kc2 Rh2+ 50.Kb3 Rd2
51.Bc4 Rd1 52.Kb2 Kb8 53.a5 d3 54.Kc3 d2 55.Bd3 Rb1 56.Kxd2 Rxb4 57.a6 Ka7
58.Kc3 Rd4 59.Kc2 Kb6 60.Kd2 Kc6 61.Kc2 Kc5 62.Kc3 Ra4 63.Kb3 Ra1 64.Kb2 Rh1
65.Kc3 Rh3 66.Kc2 Kd4 67.Bb5 Ra3 68.Kb2 Ra5 69.Bf1 Ra1 70.Kxa1  1-0

[Event "TCh-BEL 2010-11"]
[Site "Ghent BEL"]
[Date "2011.03.20"]
[Round "10.2"]
[White "Feygin,M"]
[Black "Van der Stricht,G"]
[Result "1-0"]
[WhiteElo "2526"]
[BlackElo "2392"]

1.e4 c5 2.Nf3 d6 3.d4 cxd4 4.Nxd4 Nf6 5.Nc3 a6 6.f3 Qb6 7.Nb3 e6 8.Bg5 Be7
9.Qd2 Nbd7 10.O-O-O Qc7 11.g4 b5 12.Be3 b4 13.Na4 Rb8 14.g5 Nh5 15.Nd4 Nc5
16.Nxc5 dxc5 17.Ne2 c4 18.Ng3 Nxg3 19.hxg3 b3 20.cxb3 cxb3+ 21.Kb1 bxa2+
22.Ka1 Bb4 23.Bf4 Qb6 24.Qc2 Bd7 25.Bxb8 Qxb8 26.Bxa6 Qb6 27.Qc4 Ba4 28.Qc8+ Ke7
29.Qxh8 Bxd1 30.Rxd1 Bd6 31.Qc8  1-0

[Event "1st Gaudeamus Cup"]
[Site "Bucharest ROU"]
[Date "2011.03.26"]
[Round "3"]
[White "Senetia,T"]
[Black "Constantin,Dr"]
[Result "1-0"]
[WhiteElo "2204"]
[BlackElo "2108"]

1.e4 c5 2.Nf3 d6 3.d4 cxd4 4.Nxd4 Nf6 5.Nc3 a6 6.f3 e6 7.Be3 Be7 8.Qd2 Qc7
9.O-O-O Nc6 10.g4 Nd7 11.g5 b5 12.Nxc6 Qxc6 13.Ne2 Ne5 14.Nd4 Qc7 15.b3 Bb7
16.Kb1 Rc8 17.Rg1 O-O 18.Qg2 Nc6 19.Nxc6 Bxc6 20.Bd3 a5 21.h4 d5 22.Qg4 dxe4
23.fxe4 e5 24.h5 Bd7 25.Qg3 Ba3 26.g6 fxg6 27.hxg6 h6 28.c4 Be6 29.cxb5 Qc3
30.Bc1 Bxb3 31.Bc4+ Rxc4 32.Qxc3 Rxc3 33.Bxa3 Bc2+ 34.Kb2 Rfc8 35.Rc1 R3c4
36.Rgf1 Bd3 37.Rxc4 Bxc4 38.Rc1 Be6 39.Bd6 Rxc1 40.Kxc1 Bc8 41.Kd2 Bb7 42.Ke3 a4
43.Bxe5 h5 44.Bd6 h4 45.e5 Bd5 46.b6 h3 47.e6 h2 48.e7  1-0

[Event "1st Gaudeamus Cup"]
[Site "Bucharest ROU"]
[Date "2011.03.27"]
[Round "5"]
[White "Senetia,T"]
[Black "Cirlan,I"]
[Result "1/2-1/2"]
[WhiteElo "2204"]
[BlackElo "2165"]

1.e4 c5 2.Nf3 d6 3.d4 cxd4 4.Nxd4 Nf6 5.Nc3 a6 6.f3 e6 7.Be3 Be7 8.Qd2 Nbd7
9.g4 Ne5 10.O-O-O Qc7 11.g5 Nfd7 12.f4 Nc4 13.Bxc4 Qxc4 14.Nb3 b5 15.Qd4 Qxd4
16.Bxd4 Bb7 17.Na5 Bc8 18.Bxg7 Rg8 19.Bd4 b4 20.Ne2 e5 21.Be3 exf4 22.Bxf4 Ne5
23.h4 Bg4 24.Rh2 Bf3 25.Bxe5 dxe5 26.Nc6 Bxe4 27.Nxe5 f6 28.gxf6 Bxf6 29.Nc4 Rg4
30.Nd6+ Ke7 31.Nxe4 Rxe4 32.Ng3 Rg4 33.Re2+ Kf7 34.Rd7+ Kg8 35.Nf5 Rg1+ 36.Kd2 Rf8
37.Re6 Bxb2 38.Nh6+ Kh8 39.Nf7+ Kg8 40.Nh6+ Kh8 41.Nf7+ Kg8 42.Nh6+ Kh8 43.Nf7+  1/2-1/2

[Event "FIDE Zonal 3.5 w 2011"]
[Site "Tianjin CHN"]
[Date "2011.03.28"]
[Round "9"]
[White "Gu Xiaobing"]
[Black "Ju Wenjun"]
[Result "1/2-1/2"]
[WhiteElo "2369"]
[BlackElo "2519"]

1.e4 c5 2.Nf3 d6 3.d4 cxd4 4.Nxd4 Nf6 5.Nc3 a6 6.Be3 Ng4 7.Bc1 Nf6 8.f3 e5
9.Nb3 Be6 10.Be3 Be7 11.Qd2 O-O 12.O-O-O a5 13.Qe1 Qc8 14.a3 a4 15.Nd2 d5
16.exd5 Nxd5 17.Nxd5 Bxd5 18.Ne4 Qe6 19.Nc3 Bc6 20.Bd3 b5 21.Nxb5 Bxb5 22.Bxb5 Rc8
23.Kb1 Nc6 24.Qe2 Rab8 25.Bxa4 Bxa3 26.Bb3 Bxb2 27.Kxb2 Na5 28.Qd3 h6 29.Qd8+ Rxd8
30.Rxd8+ Rxd8 31.Bxe6 fxe6 32.Re1 Kf7 33.Re2 Kf6 34.Bd2 Nc6 35.Bc3 g5 36.Rd2 Rb8+
37.Kc1 Rb7 38.Rd6 Rc7 39.Kd2 h5 40.g3 Kf5 41.h3 h4 42.g4+ Kf4 43.Rxe6 Nd4
44.Bxd4 exd4 45.Re4+ Kg3 46.Rxd4 Kxh3 47.Rd5 Kg2 48.Rxg5 Rh7 49.Ra5 h3 50.Ke3 h2
51.Ra1 h1=Q 52.Rxh1 Rxh1 53.Kf4 Rh3 54.g5 Rxf3+ 55.Ke5 Rc3 56.g6 Rxc2 57.g7 Rc8  1/2-1/2

[Event "ch-POR Youth U18"]
[Site "Torres Vedras POR"]
[Date "2011.04.11"]
[Round "3.1"]
[White "Ferreira,Jor1"]
[Black "Bray,D"]
[Result "1-0"]
[WhiteElo "2367"]
[BlackElo "1984"]

1.e4 c5 2.Nf3 d6 3.d4 cxd4 4.Nxd4 Nf6 5.Nc3 a6 6.Be3 Ng4 7.Bc1 Nf6 8.f3 e5
9.Nb3 Be6 10.Be3 Be7 11.Qd2 Nbd7 12.O-O-O b5 13.Nd5 Bxd5 14.exd5 Nb6 15.Bxb6 Qxb6
16.Na5 Rc8 17.Nc6 Nxd5 18.Nxe7 Nxe7 19.Qxd6 Qxd6 20.Rxd6 Rc6 21.Rxc6 Nxc6
22.a4 Nd4 23.axb5 Nxb5 24.Bxb5+ axb5 25.Rd1  1-0

[Event "34th Open"]
[Site "Donostia ESP"]
[Date "2011.04.19"]
[Round "4"]
[White "Zysko,J"]
[Black "Garro Beraza,J"]
[Result "1-0"]
[WhiteElo "2168"]
[BlackElo "1889"]

1.e4 c5 2.Nf3 d6 3.d4 cxd4 4.Nxd4 Nf6 5.Nc3 a6 6.f3 e6 7.Be3 Be7 8.Qd2 O-O
9.O-O-O Nc6 10.g4 Nxd4 11.Bxd4 Nd7 12.Kb1 b5 13.h4 Bb7 14.g5 Rc8 15.a3 Nb6
16.g6 hxg6 17.h5 g5 18.h6 e5 19.hxg7 Kxg7 20.Qh2 Rh8 21.Qxh8+ Qxh8 22.Rxh8 exd4
23.Rxc8 Bxc8 24.Rxd4 Be6 25.a4 Bf6 26.Rxd6 Bc4 27.Bd3 Bxc3 28.Rxb6 Bxd3 29.cxd3 Bd2
30.Kc2 Be3 31.Rxa6 bxa4 32.Rxa4 Kg6 33.Ra5 Kh5 34.Rf5 Kh4 35.Rxf7 Kg3 36.e5  1-0

[Event "VII Lubuska Open"]
[Site "Gorzow POL"]
[Date "2011.04.20"]
[Round "2"]
[White "Witczak,Jakub"]
[Black "Klim,K"]
[Result "0-1"]
[WhiteElo "1580"]
[BlackElo "2310"]

1.e4 c5 2.Nf3 d6 3.d4 cxd4 4.Nxd4 Nf6 5.Nc3 a6 6.f3 e6 7.Be3 b5 8.Qd2 Bb7
9.Be2 Nbd7 10.O-O Be7 11.Kh1 O-O 12.Bd3 Rc8 13.Nce2 d5 14.Ng3 dxe4 15.Nxe4 Nxe4
16.Bxe4 Bxe4 17.fxe4 Nc5 18.Rf4 e5 19.Rg4 exd4 20.Bh6 g6 21.Bxf8 Bxf8 22.e5 Ne6
23.a4 b4 24.Rd1 Qc7 25.Rc1 Qxe5 26.Rg3 Bd6 27.Re1 Qc5 28.Rh3 Bf4 29.Qf2 Be3
30.Qh4 Ng5  0-1

[Event "Oberhausen Easter Open"]
[Site "Oberhausen GER"]
[Date "2011.04.21"]
[Round "1.8"]
[White "Mazarov,P"]
[Black "Coenen,M"]
[Result "0-1"]
[WhiteElo "1785"]
[BlackElo "2334"]

1.e4 c5 2.Nf3 d6 3.d4 cxd4 4.Nxd4 Nf6 5.Nc3 a6 6.f3 e5 7.Nb3 Be6 8.Be3 Nbd7
9.Qd2 b5 10.g4 Nb6 11.O-O-O Nc4 12.Qf2 Nxe3 13.Qxe3 Be7 14.h4 O-O 15.Qf2 b4
16.Nd5 Bxd5 17.exd5 a5 18.h5 a4 19.Na1 Ra5 20.g5 Nxd5 21.g6 a3 22.gxf7+ Kh8
23.Nb3 axb2+ 24.Kxb2 Rxa2+ 25.Kc1 Bg5+ 26.Rd2 Qa8 27.Kd1 Nc3+  0-1

[Event "1st CHN-w Masters"]
[Site "Jiangsu Wuxi CHN"]
[Date "2011.04.25"]
[Round "9"]
[White "Gu Xiaobing"]
[Black "Ju Wenjun"]
[Result "0-1"]
[WhiteElo "2369"]
[BlackElo "2519"]

1.e4 c5 2.Nf3 d6 3.d4 cxd4 4.Nxd4 Nf6 5.Nc3 a6 6.f3 e5 7.Nb3 Be6 8.Be3 h5
9.Nd5 Bxd5 10.exd5 Nbd7 11.Qd2 Qc7 12.O-O-O b5 13.Kb1 Rc8 14.c4 bxc4 15.Bxc4 Ne4
16.fxe4 Qxc4 17.Qd3 Qxd3+ 18.Rxd3 Be7 19.Nd2 Rf8 20.Ra3 Ra8 21.Rc1 f5 22.Rc6 Nf6
23.Rcxa6 Rxa6 24.Rxa6 fxe4 25.Bg5 Nxd5 26.Bxe7 Kxe7 27.Ra7+ Ke6 28.Nxe4 Nb4
29.Ng5+ Kd5 30.Nf7 e4 31.a3 Nd3 32.Kc2 Rc8+ 33.Kd2 Nxb2 34.Ng5 Nc4+ 35.Ke2 Rb8
36.Nh3 Rb2+ 37.Ke1 e3 38.Ra4 g5 39.Nxg5 Ne5 40.Ra5+ Kc6 41.Ra6+ Kd7 42.Ra7+ Kc8
43.Re7 Nd3+ 44.Kf1 e2+  0-1

[Event "TCh-ESP Selecciones Autonomicas"]
[Site "Gijon ESP"]
[Date "2011.05.01"]
[Round "5.5"]
[White "Garro Beraza,J"]
[Black "Lopez Gil,D"]
[Result "1-0"]
[WhiteElo "1889"]
[BlackElo "1872"]

1.e4 c5 2.Nf3 d6 3.d4 cxd4 4.Nxd4 Nf6 5.Nc3 a6 6.f3 e5 7.Nb3 Be6 8.Be3 Nbd7
9.Qd2 Be7 10.O-O-O b5 11.g4 O-O 12.Kb1 Nb6 13.Na5 Qc7 14.g5 Nfd7 15.Rg1 b4
16.Nd5 Bxd5 17.exd5 Rfe8 18.Rg4 Nc5 19.Nc6 Nbd7 20.Rxb4 g6 21.h4 Bf8 22.Bd3 Bg7
23.h5 a5 24.Rh4 Qb6 25.Be4 a4 26.a3 Ra6 27.Qh2 Nb8 28.Nb4 Ra7 29.hxg6 hxg6
30.Rh7 f5 31.gxf6 Bxf6 32.Rh1 Rg7 33.Qh6 Qc7 34.Bxg6  1-0

[Event "TCh-ESP Selecciones Autonomicas"]
[Site "Gijon ESP"]
[Date "2011.05.02"]
[Round "6.6"]
[White "Garro Beraza,J"]
[Black "Boix Pons,C"]
[Result "1-0"]
[WhiteElo "1889"]
[BlackElo "1933"]

1.e4 c5 2.Nf3 d6 3.d4 cxd4 4.Nxd4 Nf6 5.Nc3 a6 6.f3 e5 7.Nb3 Be6 8.Be3 Nbd7
9.Qd2 b5 10.O-O-O b4 11.Nd5 Bxd5 12.exd5 a5 13.Kb1 Be7 14.g4 O-O 15.g5 Nh5
16.Rg1 a4 17.Nc1 Qc7 18.Rg4 b3 19.cxb3 axb3 20.Nxb3 Rfb8 21.Rc4 Qb7 22.Qc2 Bd8
23.Rc6 Nf4 24.h4 Rc8 25.Bxf4 exf4 26.Bh3 Bb6 27.Qf5 Rd8 28.Rxd6 Qa6 29.a3 Qa4
30.Qc2 Rac8 31.Rc6 Nc5 32.Nxc5 Qxc2+ 33.Kxc2  1-0

[Event "Sten Open"]
[Site "Hradec Kralove CZE"]
[Date "2011.05.08"]
[Round "1"]
[White "Lesak,O"]
[Black "Cizinsky,P"]
[Result "0-1"]
[WhiteElo "1813"]
[BlackElo "2158"]

1.e4 c5 2.Nf3 d6 3.d4 cxd4 4.Nxd4 Nf6 5.Nc3 a6 6.f3 e5 7.Nb3 Be6 8.Be3 Nbd7
9.Qd2 Qc7 10.Bd3 b5 11.Qf2 Be7 12.O-O b4 13.Ne2 d5 14.h3 O-O 15.Rac1 dxe4
16.fxe4 a5 17.c3 Qb7 18.cxb4 axb4 19.Nc5 Nxc5 20.Bxc5 Rxa2 21.Bxe7 Qxe7 22.Rc2 Rd8
23.Nc1 Ra5 24.Qb6 Qa7 25.Qxa7 Rxa7 26.Re1 Kf8 27.Kf2 Nh5 28.Bc4 Rc7 29.b3 Rdc8
30.Nd3 Bxc4 31.bxc4 Rxc4 32.Rxc4 Rxc4 33.Nxe5 Rc3 34.Ra1 f6 35.Ra8+ Ke7 36.Nf3 Nf4
37.Ra7+ Kd6 38.Rxg7 Rc2+ 39.Ke3 Nxg2+ 40.Kd4 b3 41.Rb7 b2 42.Kd3 Rf2 43.Nd4 Nf4+
44.Ke3 Kc5 45.Kxf2 Kxd4 46.Kf3 Nd3 47.h4 h5 48.Rd7+ Kc4 49.Rb7 Nb4  0-1

[Event "41st Bosna Open"]
[Site "Sarajevo BIH"]
[Date "2011.05.08"]
[Round "5.39"]
[White "Zlobec,S"]
[Black "Sadikovic,J"]
[Result "0-1"]
[WhiteElo "2153"]
[BlackElo "2093"]

1.e4 c5 2.Nf3 d6 3.d4 cxd4 4.Nxd4 Nf6 5.Nc3 a6 6.f3 e5 7.Nb3 Be6 8.Be3 Be7
9.Qd2 Nbd7 10.O-O-O b5 11.Kb1 Qc7 12.g4 Nc5 13.g5 Nfd7 14.h4 Nb6 15.Qf2 Rc8
16.Bh3 b4 17.Nd5 Nxd5 18.exd5 Bxh3 19.Rxh3 Nxb3 20.axb3 Qd7 21.Rg3 f5 22.gxf6 Bxf6
23.Rg4 Rb8 24.Rdg1 O-O 25.Qd2 a5 26.f4 Rf7 27.fxe5 Bxe5 28.h5 Rb7 29.Qd3 Qf5
30.Qc4 Rfc7 31.Qe4 Qxe4 32.Rxe4 Rb5 33.Rc4 Rf7 34.Rd1 h6 35.Rc6 Rfb7 36.Rc8+ Kh7
37.Rf8 Re7 38.Bc1 Bg3 39.Rf5 Re2 40.Rf3 Be5 41.Re3 Rf2 42.Rh3 Rf5 43.Ka2 Rc5
44.Kb1 Bf6 45.Rhd3 Rxh5 46.Bf4 Be5 47.Be3 Rb5 48.Ka2 Rh2 49.Bd2 Rc5 50.Kb1 g5
51.c3 bxc3 52.bxc3 g4 53.c4 g3 54.Be3 Rc8 55.c5 a4 56.c6 Rb2+ 57.Kc1 a3 58.Bd4 Bxd4
59.Rxd4 Rxb3 60.Ra4 g2 61.Rg4 Ra8 62.Kc2 Rb5 63.Rc4 Rxd5 64.Rg1 a2 65.c7 Rc8
66.Kb2 Rd2+ 67.Ka1 Rf2 68.Rcc1 Kg7 69.Rce1 Rxc7 70.Rxg2+ Rxg2 71.Re7+ Kf6
72.Re6+ Kf5 73.Re5+ Kf4 74.Rf5+ Ke3 75.Re5+ Kd2 76.Rd5+ Kc2 77.Rc5+  0-1

[Event "TCh-SVK Extraliga 2010-11"]
[Site "Slovakia SVK"]
[Date "2011.05.08"]
[Round "11"]
[White "Csiba,D"]
[Black "Kalata,P"]
[Result "1-0"]
[WhiteElo "2378"]
[BlackElo "2198"]

1.e4 c5 2.Nf3 d6 3.d4 cxd4 4.Nxd4 Nf6 5.Nc3 a6 6.f3 e6 7.Be3 b5 8.Qd2 Bb7
9.g4 h6 10.O-O-O Nbd7 11.h4 b4 12.Na4 Qa5 13.b3 Nc5 14.a3 Nxa4 15.axb4 Qc7
16.bxa4 d5 17.e5 Nd7 18.f4 Nb6 19.Rh3 Nxa4 20.Bf2 Rc8 21.Be1 Nb6 22.f5 Qe7
23.fxe6 fxe6 24.Bd3 Nc4 25.Bg6+ Kd8 26.Qe2 Bc6 27.Qxc4  1-0

[Event "46th Capablanca Memorial Open B"]
[Site "Havana CUB"]
[Date "2011.05.13"]
[Round "3.46"]
[White "Alvarez Leyva,H"]
[Black "Sanchez Ones,Yenis"]
[Result "1-0"]
[WhiteElo "2131"]
[BlackElo "2010"]

1.e4 c5 2.Nf3 d6 3.d4 cxd4 4.Nxd4 Nf6 5.Nc3 a6 6.f3 e6 7.Be3 b5 8.g4 Bb7
9.Qd2 h6 10.O-O-O Nbd7 11.h4 Nb6 12.Qf2 Nfd7 13.Bd3 Rc8 14.g5 Rxc3 15.bxc3 Na4
16.Bd2 Qb6 17.Rdf1 hxg5 18.h5 Qc5 19.Nb3 Qa3+ 20.Kd1 Ndc5 21.Ke2 Qxa2 22.Ra1 Qb2
23.Qd4 Nxb3 24.cxb3 e5 25.Qa7 Nxc3+ 26.Ke3 f5 27.Qb8+ Kd7 28.Qxb7+ Kd8 29.exf5 d5
30.Qb6+ Kd7 31.Bxb5+ Nxb5 32.Qe6+ Kd8 33.Ba5+ Nc7 34.Bxc7+ Kxc7 35.Rhc1+ Kb7
36.Qxa6+ Kb8 37.Rc8+  1-0